| 000 | 00466nam a2200205Ia 4500 | ||
|---|---|---|---|
| 003 | 0100 | ||
| 008 | 130303s9999 xx 000 0 und d | ||
| 040 | _cARRUPELIB | ||
| 050 | _aBX2230.2.A631999 | ||
| 100 | _aAndersen, Frank | ||
| 245 | _aMaking the Eucharist matter | ||
| 260 | _aNotre Dame | ||
| 260 | _bAve Maria Press | ||
| 260 | _C1999 | ||
| 300 | _a144p. | ||
| 300 | _b 22cm. | ||
| 650 | _bChristianity | ||
| 700 | _aFrank Andersen | ||
| 942 | 0 | 0 | _01 |
| 999 |
_c17155 _d17155 |
||